000 00359nam a2200169Ia 4500
003 0STCL
008 150530s9999 xx 000 0 und d
040 _aSTCL
_cSTCL
100 _aVivek
245 _aSwami Dayanand
260 _bUmesh Prakashan
_c1987
300 _a0
546 _aHindi
942 _2ddc
_cBK
999 _c64670
_d64670
005 20220125171251.0